Größte Städte nach Land #1 - Statistiken

Allgemein
  • Dieses Quiz wurde 117 mal gespielt
  • Das Durchschnittsergebnis liegt bei 22 aus 30
Antwortstatistiken
Antwort % Korrekt
Berlin
100%
Hamburg
99%
München
99%
Paris
99%
Köln
98%
New York City
98%
Frankfurt am Main
97%
Los Angeles
96%
Barcelona
95%
Madrid
95%
Tokio
93%
Marseille
92%
Rio de Janeiro
92%
Lyon
90%
Brasília
86%
Chicago
86%
Valencia
82%
São Paulo
78%
Houston
71%
Sevilla
71%
Osaka
68%
Nizza
62%
Toulouse
59%
Yokohama
46%
Phoenix
37%
Nagoya
28%
Sapporo
28%
Saragossa
27%
Fortaleza
25%
Salvador de Bahía
22%
Keine übereinstimmenden Quizze gefunden
Verteilung der Resultate
Anzahl Personen mit jedem Resultat
Perzentil nach korrekt beantworteten Fragen
Ihre Resultats-Entwicklung
Sie haben dieses Quiz noch nicht gespielt